<?xml version="1.0" encoding="UTF-8"?><?xml-stylesheet type="text/xsl" href="static/style.xsl"?><OAI-PMH xmlns="http://www.openarchives.org/OAI/2.0/" xmlns:xsi="http://www.w3.org/2001/XMLSchema-instance" xsi:schemaLocation="http://www.openarchives.org/OAI/2.0/ http://www.openarchives.org/OAI/2.0/OAI-PMH.xsd"><responseDate>2026-06-02T17:22:02Z</responseDate><request verb="GetRecord" identifier="oai:riuma.uma.es:10630/35639" metadataPrefix="marc">https://riuma.uma.es/rest/oai/request</request><GetRecord><record><header><identifier>oai:riuma.uma.es:10630/35639</identifier><datestamp>2026-02-03T11:11:49Z</datestamp><setSpec>com_10630_2254</setSpec><setSpec>col_10630_37953</setSpec></header><metadata><record xmlns="http://www.loc.gov/MARC21/slim" xmlns:dcterms="http://purl.org/dc/terms/" xmlns:doc="http://www.lyncode.com/xoai" xmlns:xsi="http://www.w3.org/2001/XMLSchema-instance" xsi:schemaLocation="http://www.loc.gov/MARC21/slim http://www.loc.gov/standards/marcxml/schema/MARC21slim.xsd">
   <leader>00925njm 22002777a 4500</leader>
   <datafield ind2=" " ind1=" " tag="042">
      <subfield code="a">dc</subfield>
   </datafield>
   <datafield ind2=" " ind1=" " tag="720">
      <subfield code="a">Smolak-Lozano, Emilia</subfield>
      <subfield code="e">author</subfield>
   </datafield>
   <datafield ind2=" " ind1=" " tag="720">
      <subfield code="a">García Ponce, Damián</subfield>
      <subfield code="e">author</subfield>
   </datafield>
   <datafield ind2=" " ind1=" " tag="260">
      <subfield code="c">2012</subfield>
   </datafield>
   <datafield ind2=" " ind1=" " tag="520">
      <subfield code="a">on la explosión del recurso interactivo llamado We b 2.0, la comunicación se ha modificado, evolucionando, casi a la fuerza, para a daptarse al tiempo presente ya la fugacidad de la información dentro del nuevo horizo nte comunicativo que es Internet. Las nuevas audiencias, con parámetros de exigencia distintos a la tradicionalmente pasiva audiencia audiovisual, ha requerido la reali zación de este esfuerzo adaptativo en materia de comunicación. Este cambio de modelo de comunicación afecta desde la retransmisión informativa hasta la de los grandes e ventos internacionales protocolares y políticos, que han sufrido igualmente esta adapta ción a los avances de la tecnología del Web 2.0. Adaptación que se refiere a la interac tividad, participación, cercanía, a la práctica inmersión del receptor en la emisión en ti empo real. Tres grandes acontecimientos han afectado a los paradigmas de re transmisión de grandes eventos protocolares y políticos: por una parte, la boda de la Reina Isabel de Inglaterra en 1947 que fue la primera retransmisión efectuada. La segu nda supuso la de mayor audiencia mundial en tiempo real: la boda de Diana de Gales y el Príncipe Carlos de Gales. El tercer evento al que hacemos referencia, y al que h emos dedicado observación, investigación y reflexión, es la boda de Guillermo y Catalina, en abril de 2011.</subfield>
   </datafield>
   <datafield ind1="8" ind2=" " tag="024">
      <subfield code="a">Web 2.0 como estrategia comunicativa en los eventos protocolares y de relaciones públicas. Boda real británica (24 de abril 2011) E Smolak-Lozano, DG Ponce - Vivat Academia, 2012</subfield>
   </datafield>
   <datafield ind1="8" ind2=" " tag="024">
      <subfield code="a">https://hdl.handle.net/10630/35639</subfield>
   </datafield>
   <datafield tag="653" ind2=" " ind1=" ">
      <subfield code="a">Ceremonial</subfield>
   </datafield>
   <datafield ind2="0" ind1="0" tag="245">
      <subfield code="a">Web 2.0 como estrategia comunicativa en los eventos protocolares y de relaciones públicas.: Boda real británica (24 de abril 2011)</subfield>
   </datafield>
</record>
</metadata></record></GetRecord></OAI-PMH>